Normal view
MARC view
- Saday, Abdur Rehman bin nasir bin
Entry Personal Name
001 - CONTROL NUMBER
- control field: 51035
003 - CONTROL NUMBER IDENTIFIER
- control field: NUST
005 - DATE AND TIME OF LATEST TRANSACTION
- control field: 20210314134855.0
008 - FIXED-LENGTH DATA ELEMENTS
- fixed length control field: 210314|| aca||aabn | a|a d
040 ## - CATALOGING SOURCE
- Original cataloging agency: NUST
- Transcribing agency: NUST
100 ## - HEADING--PERSONAL NAME
- Personal name: Saday, Abdur Rehman bin nasir bin
670 ## - SOURCE DATA FOUND
- Source citation: Work cat.: (NUST): Saday, Abdur Rehman bin nasir bin, محاسن الإسلام, 2000.
